|
|
|
|
| LEADER |
00679nam a2200205Ia 4500 |
| 001 |
CTU_181246 |
| 008 |
210402s9999 xx 000 0 und d |
| 020 |
|
|
|c 130000
|
| 082 |
|
|
|a 647.9573092
|
| 082 |
|
|
|b S387
|
| 100 |
|
|
|a Schultz, Howard
|
| 245 |
|
0 |
|a Dốc hết trái tim:
|
| 245 |
|
0 |
|b Cách Starbucks xây dựng công ty bằng từng tách cà phê
|
| 245 |
|
0 |
|c Howard Schultz, Dori Jones Yang; Võ Công Hùng dịch
|
| 260 |
|
|
|a Tp. Hồ Chí Minh
|
| 260 |
|
|
|b Trẻ
|
| 260 |
|
|
|c 2013
|
| 650 |
|
|
|a Starbucks coffee company,Công ty cà phê Starbuck
|
| 910 |
|
|
|a Nguyên
|
| 980 |
|
|
|a Trung tâm Học liệu Trường Đại học Cần Thơ
|